<?xml version="1.0" encoding="UTF-8"?>
<record
    xmlns:xsi="http://www.w3.org/2001/XMLSchema-instance"
    xsi:schemaLocation="http://www.loc.gov/MARC21/slim http://www.loc.gov/standards/marcxml/schema/MARC21slim.xsd"
    xmlns="http://www.loc.gov/MARC21/slim">

  <leader>00712nam a22002177a 4500</leader>
  <controlfield tag="005">20180914171123.0</controlfield>
  <controlfield tag="006">a|||||f|||| 00| 0 </controlfield>
  <controlfield tag="007">tc</controlfield>
  <controlfield tag="008">180720b        xxu||||| |||| 00| 0 eng d</controlfield>
  <datafield tag="010" ind1=" " ind2=" ">
    <subfield code="a">BR-000912-BR-000913  </subfield>
  </datafield>
  <datafield tag="020" ind1=" " ind2=" ">
    <subfield code="c">133.00</subfield>
  </datafield>
  <datafield tag="035" ind1=" " ind2=" ">
    <subfield code="a"> BR-000912</subfield>
  </datafield>
  <datafield tag="037" ind1=" " ind2=" ">
    <subfield code="b">A.I.C.B.</subfield>
  </datafield>
  <datafield tag="082" ind1=" " ind2=" ">
    <subfield code="a">808.84</subfield>
  </datafield>
  <datafield tag="245" ind1=" " ind2=" ">
    <subfield code="a">Ghashiram kotwal</subfield>
    <subfield code="b">: Essays and Annotation</subfield>
  </datafield>
  <datafield tag="260" ind1=" " ind2=" ">
    <subfield code="a">Delhi</subfield>
    <subfield code="b">A.C.I.B.</subfield>
    <subfield code="c">N.D.</subfield>
  </datafield>
  <datafield tag="270" ind1=" " ind2=" ">
    <subfield code="a">Sector-5, Rohini, </subfield>
    <subfield code="b">New Delhi</subfield>
    <subfield code="e">110085</subfield>
  </datafield>
  <datafield tag="300" ind1=" " ind2=" ">
    <subfield code="a">various pages.</subfield>
    <subfield code="c">30cm(HB).</subfield>
  </datafield>
  <datafield tag="942" ind1=" " ind2=" ">
    <subfield code="2">ddc</subfield>
    <subfield code="c">BRLEN</subfield>
    <subfield code="h">808.84</subfield>
    <subfield code="m">GHA</subfield>
  </datafield>
  <datafield tag="999" ind1=" " ind2=" ">
    <subfield code="c">156313</subfield>
    <subfield code="d">156313</subfield>
  </datafield>
  <datafield tag="952" ind1=" " ind2=" ">
    <subfield code="0">0</subfield>
    <subfield code="1">0</subfield>
    <subfield code="4">0</subfield>
    <subfield code="7">0</subfield>
    <subfield code="8">NFIC</subfield>
    <subfield code="a">BRL</subfield>
    <subfield code="b">BRL</subfield>
    <subfield code="d">2011-09-15</subfield>
    <subfield code="e">3261/15-09-2011</subfield>
    <subfield code="g">133.00</subfield>
    <subfield code="l">0</subfield>
    <subfield code="o">808.84 GHA</subfield>
    <subfield code="p">BR-000912</subfield>
    <subfield code="r">2018-08-25 00:00:00</subfield>
    <subfield code="t">1</subfield>
    <subfield code="y">BRLEN</subfield>
  </datafield>
  <datafield tag="952" ind1=" " ind2=" ">
    <subfield code="0">0</subfield>
    <subfield code="1">0</subfield>
    <subfield code="4">0</subfield>
    <subfield code="7">0</subfield>
    <subfield code="8">NFIC</subfield>
    <subfield code="a">BRL</subfield>
    <subfield code="b">BRL</subfield>
    <subfield code="d">2011-09-15</subfield>
    <subfield code="e">3261/15-09-2011</subfield>
    <subfield code="g">133.00</subfield>
    <subfield code="l">0</subfield>
    <subfield code="o">808.84 GHA</subfield>
    <subfield code="p">BR-000913</subfield>
    <subfield code="r">2018-08-25 00:00:00</subfield>
    <subfield code="t">1</subfield>
    <subfield code="y">BRLEN</subfield>
  </datafield>
</record>
